000 01166nam a2200181Ia 4500
008 151202s9999||||xx |||||||||||||| ||und||
082 _bPNVM-70244
100 _aमांडके अलका.
245 _aहृदयस्थ-प्रख्यात हृदयरोगतज्ञ डॉ.नितू मांडके यांचे चरित्र.16 पानी रंगीत व कृ.ध. छायाचित्रे.
260 _bग्रंथाली प्रकाशन.
260 _c70244
300 _a236
600 _aमांडके अलका.
630 _aहृदयस्थ-प्रख्यात हृदयरोगतज्ञ डॉ.नितू मांडके यांचे चरित्र.16 पानी रंगीत व कृ.ध. छायाचित्रे.
700 _aमांडके अलका.
730 _aहृदयस्थ-प्रख्यात हृदयरोगतज्ञ डॉ.नितू मांडके यांचे चरित्र.16 पानी रंगीत व कृ.ध. छायाचित्रे.
942 _cBOOK
999 _c1336754
_d1336751